|
|
|
|
| LEADER |
00000nam a22000005a 4500 |
| 001 |
vtls008840748 |
| 003 |
SK-MaSNL |
| 005 |
20260301205647.0 |
| 008 |
251029s2004 xo a rf 000 0 slo |
| 015 |
|
|
|a SNBA2009/07-03316
|
| 020 |
|
|
|a 8096894994
|q (brož.)
|
| 035 |
|
|
|a FF6760EC-30EB-4E60-AF32-BD64ECBB092F
|
| 035 |
|
|
|a urn:nbn:sk:snk-amlsij
|
| 035 |
|
|
|a urn:nbn:sk:snk-am00c8vx
|
| 040 |
|
|
|a SNK
|b slo
|c SNK
|e AACR2
|
| 041 |
0 |
|
|a slo
|
| 044 |
|
|
|a xo
|c SK
|
| 072 |
|
7 |
|a 37.016
|x Učebné osnovy. Vyučovacie predmety. Učebnice
|2 konspekt
|
| 080 |
|
|
|a 37.016:78
|2 2001
|
| 080 |
|
|
|a (072)
|2 2001
|
| 080 |
|
|
|a 316.346.32-053.5
|2 2001
|
| 100 |
1 |
|
|a Schneiderová, Metodeja
|4 aut
|9 12082
|
| 245 |
1 |
0 |
|a Eliška a telefón
|n 5. časť hudobno-pedagogického projektu Deti a hudba
|c Metodeja Schneiderová ; [ilustrácie: Elena Gorylová]
|
| 250 |
|
|
|a 1. vyd.
|
| 260 |
|
|
|a Prešov
|b Súzvuk
|c 2004
|
| 300 |
|
|
|a 48 s.
|b ilustr., noty
|c 30 cm
|
| 490 |
1 |
|
|a Cesty do sveta hudby
|v 13
|
| 504 |
|
|
|a Bibliogr.s. 47. Zoznam nahrávok
|
| 650 |
0 |
7 |
|a hudobná výchova
|2 SNKPH
|9 1662
|
| 650 |
0 |
7 |
|a deti školského veku
|2 SNKPH
|9 1227
|
| 655 |
|
7 |
|a metodické príručky
|2 SNKPH
|9 70250
|
| 700 |
1 |
|
|a Gorylová, Elena
|4 ill
|9 305897
|
| 830 |
|
0 |
|a Cesty do sveta hudby
|9 305898
|
| 919 |
|
|
|a 80-968949-9-4
|
| 958 |
|
|
|a OND
|
| 958 |
|
|
|a NB
|
| 968 |
|
|
|d 37
|
| 999 |
|
|
|c 910998
|d 912928
|
| 952 |
|
|
|a SNK
|b SNK
|y PREZ
|7 0
|p 17A0518406
|o snkSB 67548/5
|i snk2006/16413
|8 0
|0 0
|1 0
|4 0
|d 2006-08-21
|f 1
|l 0
|r 2025-04-16 00:00:00
|w 2026-02-24
|
| 952 |
|
|
|a SNK
|b SNK
|y VYP
|7 0
|p 17A0518407
|o snkSB 67548/5 D1
|i snk2006/16414
|8 0
|0 0
|1 0
|4 0
|d 2006-08-21
|l 0
|r 2026-02-24 07:43:02
|w 2026-02-24
|